[Event "DM 2023 G5-2"]
[Site "Svendborg"]
[Date "2023.04.06"]
[Round "1"]
[White "Pedersen, Thomas Vils"]
[Black "Skytte, Robert"]
[Result "1/2-1/2"]
[WhiteElo "2111"]
[BlackElo "1691"]
[PlyCount "36"]
[EventDate "2023.04.06"]
[EventType "swiss"]
[EventRounds "5"]
[EventCountry "DEN"]
[SourceTitle "Live v. Kasper Jerwiarz"]

1. d4 d5 2. c4 e6 3. Nf3 c5 4. g3 Nf6 5. Bg2 Nc6 6. O-O Be7 7. cxd5 exd5 8. Nc3
O-O 9. Be3 c4 10. Ne5 Bf5 11. b3 Bb4 12. Na4 Nxe5 13. dxe5 Ne4 14. bxc4 dxc4
15. a3 Ba5 16. Rc1 b5 17. Nc5 Nc3 18. Nb7 Qxd1 1/2-1/2

[Event "DM 2023 G5-2"]
[Site "Svendborg"]
[Date "2023.04.06"]
[Round "1"]
[White "Hansen, Erik Hedegaard"]
[Black "Mosegaard, Klaus"]
[Result "0-1"]
[WhiteElo "1646"]
[BlackElo "1797"]
[PlyCount "44"]
[EventDate "2023.04.06"]
[EventType "swiss"]
[EventRounds "5"]
[EventCountry "DEN"]
[SourceTitle "Live v. Kasper Jerwiarz"]

1. d4 e6 2. c4 f5 3. Nc3 Nf6 4. Bg5 Bb4 5. a3 Bxc3+ 6. bxc3 b6 7. g3 Bb7 8. Nf3
O-O 9. Bg2 d6 10. O-O Nbd7 11. a4 a5 12. Nd2 Bxg2 13. Kxg2 h6 14. Bxf6 Qxf6 15.
f4 Qg6 16. e3 Rae8 17. h4 Nf6 18. Qf3 Ng4 19. e4 fxe4 20. Nxe4 e5 21. f5 Rxf5
22. Qxf5 Ne3+ 0-1

[Event "DM 2023 G5-2"]
[Site "Svendborg"]
[Date "2023.04.06"]
[Round "1"]
[White "Svendsen, Peter Willer"]
[Black "Hansen, Erik"]
[Result "1-0"]
[WhiteElo "1920"]
[BlackElo "1665"]
[PlyCount "57"]
[EventDate "2023.04.06"]
[EventType "swiss"]
[EventRounds "5"]
[EventCountry "DEN"]
[SourceTitle "Live v. Kasper Jerwiarz"]

1. e4 c5 2. Nf3 Nc6 3. Bb5 d6 4. d4 cxd4 5. Nxd4 Bd7 6. Nc3 a6 7. Ba4 e5 8.
Nxc6 Bxc6 9. Bb3 Nf6 10. Bg5 Be7 11. Qf3 h6 12. Be3 O-O 13. O-O-O Bd7 14. Qg3
Kh8 15. Rd3 Ng4 16. Nd5 Bh4 17. Qf3 Nxe3 18. Nxe3 Be6 19. Rhd1 Be7 20. Kb1 b5
21. g4 a5 22. Nf5 a4 23. Bd5 Ra6 24. Qe2 Bxf5 25. gxf5 Rb6 26. Qh5 b4 27. Bxf7
Bg5 28. Rg1 Qf6 29. Bd5 1-0

[Event "DM 2023 G5-2"]
[Site "Svendborg"]
[Date "2023.04.06"]
[Round "1"]
[White "Hansen, Esben"]
[Black "Stewart, Tanya Jill Milk"]
[Result "0-1"]
[WhiteElo "1500"]
[BlackElo "1895"]
[PlyCount "104"]
[EventDate "2023.04.06"]
[EventType "swiss"]
[EventRounds "5"]
[EventCountry "DEN"]
[SourceTitle "Live v. Kasper Jerwiarz"]

1. e4 c5 2. d3 Nc6 3. g3 d6 4. Bg2 g6 5. Nf3 Bg7 6. Nbd2 Nf6 7. O-O O-O 8. c3
Bg4 9. h3 Bd7 10. Re1 Rb8 11. a4 a6 12. Nb3 e5 13. Nfd2 b5 14. axb5 axb5 15.
Nf1 Ra8 16. Rxa8 Qxa8 17. Ne3 Ne7 18. Qc2 Bc6 19. Bd2 Qd8 20. Ra1 Qb6 21. Qd1
d5 22. exd5 Nfxd5 23. Nxd5 Nxd5 24. c4 Nf6 25. Bxc6 Qxc6 26. Be3 Rd8 27. cxb5
Qxb5 28. Ra5 Qd7 29. Kh2 c4 30. Nc5 Qc7 31. Qd2 cxd3 32. Ra3 e4 33. Ra4 Qc6 34.
Ra6 Qb5 35. Ra5 Qc6 36. Ra6 Qc8 37. b4 Nd5 38. Ra3 Nxe3 39. fxe3 Qf5 40. Nb3
Rc8 41. Ra2 Be5 42. Nc5 h5 43. h4 Bd6 44. Nb7 Be7 45. Kg2 Qd5 46. Na5 Bxb4 47.
Qxb4 Qxa2+ 48. Kh3 Qe6+ 49. Kg2 Rc2+ 50. Kg1 Qe5 51. Qe1 d2 52. Qf2 d1=Q+ 0-1

[Event "DM 2023 G5-2"]
[Site "Svendborg"]
[Date "2023.04.06"]
[Round "1"]
[White "Dithlevsen, Birgit"]
[Black "Rasmussen, Morten Fredsgaard"]
[Result "1/2-1/2"]
[WhiteElo "1445"]
[BlackElo "1818"]
[PlyCount "110"]
[EventDate "2023.04.06"]
[EventType "swiss"]
[EventRounds "5"]
[EventCountry "DEN"]
[SourceTitle "Live v. Kasper Jerwiarz"]

1. e4 c6 2. Nc3 d5 3. exd5 cxd5 4. Bb5+ Nc6 5. d4 Nf6 6. f3 e6 7. Nge2 Qb6 8.
Bxc6+ bxc6 9. b3 Ba6 10. Bd2 Rc8 11. a4 c5 12. a5 Qc7 13. Bf4 Qc6 14. Na4 Bxe2
15. Qxe2 cxd4 16. Ra2 Bb4+ 17. Bd2 Bd6 18. O-O O-O 19. Qd3 e5 20. c3 dxc3 21.
Bxc3 Rfd8 22. Bd2 d4 23. Rc1 Qd5 24. Rxc8 Rxc8 25. Rc2 Rb8 26. Rc4 Qb7 27. Nc5
Bxc5 28. Rxc5 Nd7 29. Rc1 Qxb3 30. Qf5 Qe6 31. Qxe6 fxe6 32. Rc7 Nf6 33. Rxa7
Rb2 34. Bg5 Nd5 35. a6 d3 36. Ra8+ Kf7 37. a7 Ra2 38. h4 Kg6 39. Re8 Nc7 40.
Rd8 Rxa7 41. Rxd3 Nd5 42. Kh2 Ra4 43. Kg3 h6 44. Bc1 Kh5 45. Bb2 e4 46. fxe4
Rxe4 47. Kf2 Rf4+ 48. Kg1 Rxh4 49. Bxg7 Rg4 50. Rh3+ Kg6 51. Bxh6 e5 52. Kf2 e4
53. Be3 Nxe3 54. Rxe3 Kf5 55. g3 Ke5 1/2-1/2

[Event "DM 2023 G5-2"]
[Site "Svendborg"]
[Date "2023.04.06"]
[Round "1"]
[White "Araghi, Ali"]
[Black "Jensen, Jan Kargaard"]
[Result "1-0"]
[WhiteElo "1810"]
[BlackElo "1589"]
[PlyCount "37"]
[EventDate "2023.04.06"]
[EventType "swiss"]
[EventRounds "5"]
[EventCountry "DEN"]
[SourceTitle "Live v. Kasper Jerwiarz"]

1. d4 d5 2. Bf4 Bf5 3. c4 c6 4. Nc3 Nf6 5. Qb3 Qb6 6. c5 Qxb3 7. axb3 Nbd7 8.
b4 e6 9. e3 Be7 10. b5 O-O 11. h3 Ne4 12. bxc6 bxc6 13. Nf3 Bf6 14. g4 Nxc3 15.
gxf5 exf5 16. bxc3 Nxc5 17. Bd6 Nb3 18. Ra3 Rfd8 19. Bf4 1-0

[Event "DM 2023 G5-2"]
[Site "Svendborg"]
[Date "2023.04.06"]
[Round "1"]
[White "Danielsen, Johnni Hjort"]
[Black "Horslund, Mikael"]
[Result "1/2-1/2"]
[WhiteElo "1631"]
[BlackElo "1729"]
[PlyCount "47"]
[EventDate "2023.04.06"]
[EventType "swiss"]
[EventRounds "5"]
[EventCountry "DEN"]
[SourceTitle "Live v. Kasper Jerwiarz"]

1. c4 Nf6 2. Nc3 g6 3. g3 Bg7 4. Bg2 O-O 5. e4 d6 6. Nge2 c5 7. O-O Nc6 8. d3
Rb8 9. Rb1 Ne8 10. a3 a5 11. Be3 e5 12. Nd5 b5 13. cxb5 Rxb5 14. Nec3 Rb8 15.
Qd2 Nd4 16. Bxd4 cxd4 17. Ne2 Nf6 18. Nxf6+ Bxf6 19. f4 Ba6 20. Rfc1 Rb3 21.
Rc6 Bb5 22. Nc1 Rxd3 23. Nxd3 Bxc6 24. b4 1/2-1/2

[Event "DM 2023 G5-2"]
[Site "Svendborg"]
[Date "2023.04.07"]
[Round "2"]
[White "Mosegaard, Klaus"]
[Black "Agger, Lars Breinholt"]
[Result "1-0"]
[WhiteElo "1797"]
[BlackElo "1828"]
[PlyCount "101"]
[EventDate "2023.04.06"]
[EventType "swiss"]
[EventRounds "5"]
[EventCountry "DEN"]
[SourceTitle "Live v. Kasper Jerwiarz"]

1. Nf3 Nf6 2. b3 d5 3. e3 g6 4. Bb2 Bg7 5. d4 O-O 6. c4 c5 7. dxc5 Qa5+ 8. Nbd2
dxc4 9. Bxc4 Nc6 10. a3 Bf5 11. b4 Qd8 12. Qe2 Be4 13. Nxe4 Nxe4 14. Bxg7 Kxg7
15. O-O e6 16. Qb2+ Kg8 17. Rfd1 Qe7 18. Qc2 Nf6 19. Rd2 a6 20. Rad1 Rfd8 21.
Rxd8+ Rxd8 22. Rxd8+ Qxd8 23. Qd3 Qe7 24. Bb3 Nd7 25. Ba4 Nde5 26. Nxe5 Nxe5
27. Qd4 Qg5 28. Qe4 Qf6 29. Qd4 Qg5 30. Kf1 Qh5 31. h3 Qf5 32. Ke2 g5 33. Qd8+
Kg7 34. Qd4 Kg8 35. Bb3 h5 36. Qd2 g4 37. h4 Qf6 38. Qd4 Qf5 39. Qd8+ Kh7 40.
Qd4 Kg8 41. a4 Nc6 42. Qc3 Qe4 43. b5 axb5 44. axb5 Ne7 45. Qf6 Ng6 46. f3 Qb4
47. Bxe6 gxf3+ 48. gxf3 Qxb5+ 49. Kf2 Qe8 50. Qxg6+ Kf8 51. Qxf7+ 1-0

[Event "DM 2023 G5-2"]
[Site "Svendborg"]
[Date "2023.04.07"]
[Round "2"]
[White "Stewart, Tanya Jill Milk"]
[Black "Svendsen, Peter Willer"]
[Result "1-0"]
[WhiteElo "1895"]
[BlackElo "1920"]
[PlyCount "45"]
[EventDate "2023.04.06"]
[EventType "swiss"]
[EventRounds "5"]
[EventCountry "DEN"]
[SourceTitle "Live v. Kasper Jerwiarz"]

1. d4 d5 2. Nc3 Nf6 3. Bf4 c6 4. e3 g6 5. h3 Bg7 6. Nf3 Nbd7 7. Be2 O-O 8. O-O
Ne4 9. Nxe4 dxe4 10. Ng5 Nf6 11. Be5 Qb6 12. Bxf6 Bxf6 13. Nxe4 Bg7 14. Rb1 Rd8
15. Bc4 Qa5 16. Nc5 e5 17. Qf3 Bf5 18. Nxb7 Qb4 19. Bxf7+ Kxf7 20. Nxd8+ Rxd8
21. e4 Rxd4 22. exf5 gxf5 23. c3 1-0

[Event "DM 2023 G5-2"]
[Site "Svendborg"]
[Date "2023.04.07"]
[Round "2"]
[White "Rasmussen, Morten Fredsgaard"]
[Black "Araghi, Ali"]
[Result "0-1"]
[WhiteElo "1818"]
[BlackElo "1810"]
[PlyCount "112"]
[EventDate "2023.04.06"]
[EventType "swiss"]
[EventRounds "5"]
[EventCountry "DEN"]
[SourceTitle "Live v. Kasper Jerwiarz"]

1. d4 d5 2. Bf4 c5 3. c3 Nc6 4. e3 Qb6 5. Qb3 c4 6. Qxb6 axb6 7. Nd2 Nf6 8.
Ngf3 b5 9. Be2 b4 10. cxb4 Nxb4 11. O-O Bf5 12. a3 Nd3 13. Bxd3 Bxd3 14. Rfc1
b5 15. Ne5 Bf5 16. f3 Nh5 17. Bg3 Nxg3 18. hxg3 f6 19. Nc6 Kd7 20. Nb4 e6 21.
e4 Bxb4 22. axb4 Bg6 23. Kf2 Ra4 24. Rxa4 bxa4 25. Ra1 Ra8 26. Ke3 Kc6 27. Nb1
dxe4 28. fxe4 Kb5 29. Nc3+ Kxb4 30. Kd2 Be8 31. Kc2 Rd8 32. d5 exd5 33. Nxd5+
Ka5 34. Kc3 Bb5 35. Kc2 f5 36. Nc3 fxe4 37. Nxe4 Rd3 38. Ng5 h6 39. Nf3 Kb4 40.
Re1 Rd6 41. Re3 Bc6 42. Ne1 Bd7 43. Kc1 Bf5 44. Re7 g6 45. Rb7+ Kc5 46. Ra7 Kb5
47. Rb7+ Ka6 48. Rb4 Bd3 49. Rxa4+ Kb5 50. Ra7 Re6 51. Nf3 Kb6 52. Rf7 Re2 53.
Nh4 Rc2+ 54. Kd1 Rxb2 55. Nxg6 c3 56. Ne5 Rb1# 0-1

[Event "DM 2023 G5-2"]
[Site "Svendborg"]
[Date "2023.04.07"]
[Round "2"]
[White "Horslund, Mikael"]
[Black "Pedersen, Thomas Vils"]
[Result "1-0"]
[WhiteElo "1729"]
[BlackElo "2111"]
[PlyCount "103"]
[EventDate "2023.04.06"]
[EventType "swiss"]
[EventRounds "5"]
[EventCountry "DEN"]
[SourceTitle "Live v. Kasper Jerwiarz"]

1. Nf3 d5 2. d4 Nf6 3. e3 c6 4. Bd3 Bg4 5. Nbd2 Nbd7 6. h3 Bh5 7. g4 Bg6 8.
Bxg6 hxg6 9. Ke2 e5 10. dxe5 Ne4 11. c4 Nxd2 12. Bxd2 dxc4 13. Qc2 Qe7 14. Qxc4
O-O-O 15. Bc3 Nb6 16. Qb3 Nd5 17. Bd2 f6 18. Rac1 fxe5 19. Qa4 Kb8 20. Qe4 Re8
21. a3 Qe6 22. Kd1 Bd6 23. Kc2 Rhf8 24. Rcf1 Nf6 25. Qxg6 Qc4+ 26. Bc3 Ne4 27.
Nd2 Re6 28. Qxe4 Qb5 29. Qc4 Qxc4 30. Nxc4 Bc7 31. Nd2 b5 32. Ne4 Bb6 33. Rd1
Rc8 34. Rd7 c5 35. Kb1 a5 36. Rhd1 b4 37. Be1 b3 38. R7d6 Rxd6 39. Rxd6 Kc7 40.
Rd1 Kc6 41. h4 Bc7 42. Bc3 Rf8 43. Kc1 c4 44. h5 Rf7 45. Rd2 Rf3 46. Kd1 Rh3
47. Ke2 Rh4 48. Kf3 Rh1 49. Kg2 Rh4 50. f3 g6 51. Kg3 Rh1 52. Rh2 1-0

[Event "DM 2023 G5-2"]
[Site "Svendborg"]
[Date "2023.04.07"]
[Round "2"]
[White "Skytte, Robert"]
[Black "Dithlevsen, Birgit"]
[Result "1-0"]
[WhiteElo "1691"]
[BlackElo "1445"]
[PlyCount "89"]
[EventDate "2023.04.06"]
[EventType "swiss"]
[EventRounds "5"]
[EventCountry "DEN"]
[SourceTitle "Live v. Kasper Jerwiarz"]

1. e4 e5 2. Bc4 Nf6 3. Nf3 d5 4. exd5 Nxd5 5. O-O Bg4 6. Re1 Nc6 7. d4 Be7 8.
dxe5 Be6 9. Bxd5 Bxd5 10. Nc3 Bxf3 11. Qxf3 O-O 12. Qg3 Re8 13. Bh6 g6 14. Rad1
Qc8 15. Nd5 Rd8 16. Bg5 Kf8 17. Qh4 h5 18. Bh6+ Kg8 19. Nxe7+ Nxe7 20. Qxe7
Rxd1 21. Rxd1 Kh7 22. Bg5 Qf5 23. Qf6 Rf8 24. Qxf5 gxf5 25. Rd7 Kg6 26. f4 Rc8
27. a4 a5 28. c4 b6 29. b3 Re8 30. Rxc7 Re6 31. h4 Kg7 32. g3 Kg6 33. c5 bxc5
34. Rxc5 Ra6 35. Rb5 Ra7 36. Bd8 Rd7 37. Bxa5 Rd3 38. Kg2 Re3 39. Rb8 Kg7 40.
Bd8 Rd3 41. Bf6+ Kg6 42. b4 Ra3 43. b5 Rxa4 44. b6 Ra2+ 45. Kh3 1-0

[Event "DM 2023 G5-2"]
[Site "Svendborg"]
[Date "2023.04.07"]
[Round "2"]
[White "Hansen, Erik"]
[Black "Danielsen, Johnni Hjort"]
[Result "1-0"]
[WhiteElo "1665"]
[BlackElo "1631"]
[PlyCount "63"]
[EventDate "2023.04.06"]
[EventType "swiss"]
[EventRounds "5"]
[EventCountry "DEN"]
[SourceTitle "Live v. Kasper Jerwiarz"]

1. e4 c6 2. d4 d5 3. e5 c5 4. c3 Nc6 5. Nf3 Bg4 6. Be2 e6 7. O-O cxd4 8. cxd4
Nge7 9. Nc3 Nf5 10. Be3 a6 11. h3 Bxf3 12. Bxf3 b5 13. a3 Qb6 14. Ne2 Be7 15.
Bg4 Nxe3 16. fxe3 O-O 17. Rf3 Na5 18. Nc3 f6 19. exf6 Rxf6 20. Rxf6 Bxf6 21.
Qe2 Nc4 22. Kh1 e5 23. Nxd5 Qd6 24. Nxf6+ gxf6 25. a4 Rb8 26. axb5 axb5 27. b3
Na3 28. dxe5 fxe5 29. Rd1 Qb4 30. Be6+ Kh8 31. Qh5 Qe4 32. Bf5 1-0

[Event "DM 2023 G5-2"]
[Site "Svendborg"]
[Date "2023.04.07"]
[Round "2"]
[White "Jensen, Jan Kargaard"]
[Black "Hansen, Erik Hedegaard"]
[Result "1/2-1/2"]
[WhiteElo "1589"]
[BlackElo "1646"]
[PlyCount "63"]
[EventDate "2023.04.06"]
[EventType "swiss"]
[EventRounds "5"]
[EventCountry "DEN"]
[SourceTitle "Live v. Kasper Jerwiarz"]

1. e4 c5 2. c4 g6 3. Nf3 Bg7 4. d4 cxd4 5. Nxd4 Nc6 6. Be3 Nf6 7. Nc3 O-O 8.
Be2 a6 9. O-O e6 10. Qd2 d5 11. Nxc6 bxc6 12. cxd5 cxd5 13. exd5 exd5 14. Rfd1
Be6 15. Rac1 Qa5 16. b3 Rac8 17. Na4 Qxd2 18. Bxd2 Ne4 19. Bb4 Rxc1 20. Rxc1
Rc8 21. Rxc8+ Bxc8 22. Nc5 Nxc5 23. Bxc5 d4 24. Kf1 Bf5 25. Ke1 d3 26. Bd1 Bc3+
27. Kf1 h5 28. f3 Kg7 29. Kf2 Bd2 30. b4 Kf6 31. a4 Ke5 32. Bb3 1/2-1/2

[Event "DM 2023 G5-2"]
[Site "Svendborg"]
[Date "2023.04.08"]
[Round "3"]
[White "Araghi, Ali"]
[Black "Mosegaard, Klaus"]
[Result "1/2-1/2"]
[WhiteElo "1810"]
[BlackElo "1797"]
[PlyCount "60"]
[EventDate "2023.04.06"]
[EventType "swiss"]
[EventRounds "5"]
[EventCountry "DEN"]
[SourceTitle "Live v. Kasper Jerwiarz"]

1. d4 e6 2. Bf4 Nf6 3. e3 b6 4. Qf3 d5 5. Nc3 Bb4 6. Nge2 Bb7 7. a3 Bd6 8. g4
h6 9. h4 h5 10. g5 Ne4 11. Nxe4 dxe4 12. Qg3 Nc6 13. O-O-O Ne7 14. Nc3 Nf5 15.
Qh2 Bxf4 16. Qxf4 Qd6 17. Qxd6 Nxd6 18. Nb5 Kd7 19. b3 a6 20. Nxd6 cxd6 21. c4
Rac8 22. Kb2 Rc7 23. Be2 g6 24. b4 Ke7 25. Rc1 Rhc8 26. Rc3 a5 27. Rhc1 Ba6 28.
Bf1 Kd7 29. Kb3 Kd8 30. R3c2 Kd7 1/2-1/2

[Event "DM 2023 G5-2"]
[Site "Svendborg"]
[Date "2023.04.08"]
[Round "3"]
[White "Horslund, Mikael"]
[Black "Stewart, Tanya Jill Milk"]
[Result "1/2-1/2"]
[WhiteElo "1729"]
[BlackElo "1895"]
[PlyCount "39"]
[EventDate "2023.04.06"]
[EventType "swiss"]
[EventRounds "5"]
[EventCountry "DEN"]
[SourceTitle "Live v. Kasper Jerwiarz"]

1. d4 Nf6 2. g3 g6 3. Bg2 Bg7 4. c3 d5 5. Nf3 c6 6. O-O O-O 7. Nbd2 Nbd7 8. Re1
e5 9. dxe5 Ng4 10. Qb3 Qb6 11. Qxb6 axb6 12. c4 dxc4 13. Nxc4 Ngxe5 14. Nfxe5
Nxe5 15. Nxb6 Ra6 16. Nxc8 Rxc8 17. Rd1 Nc4 18. Rd7 Rb6 19. h4 h5 20. e4
1/2-1/2

[Event "DM 2023 G5-2"]
[Site "Svendborg"]
[Date "2023.04.08"]
[Round "3"]
[White "Svendsen, Peter Willer"]
[Black "Skytte, Robert"]
[Result "1-0"]
[WhiteElo "1920"]
[BlackElo "1691"]
[PlyCount "89"]
[EventDate "2023.04.06"]
[EventType "swiss"]
[EventRounds "5"]
[EventCountry "DEN"]
[SourceTitle "Live v. Kasper Jerwiarz"]

1. e4 c6 2. d4 d5 3. Nc3 dxe4 4. Nxe4 Nf6 5. Ng3 h5 6. Bc4 h4 7. Nf1 Bg4 8. Qd3
Nbd7 9. Ne3 Bh5 10. Ne2 Bxe2 11. Qxe2 e6 12. h3 Be7 13. Bd2 Ne4 14. O-O-O Nxd2
15. Rxd2 Nf6 16. Ng4 Nd5 17. Kb1 a5 18. Ne5 a4 19. Qf3 Bf6 20. Rhd1 b5 21. Nxc6
Qd7 22. Bxd5 exd5 23. Re2+ Kf8 24. Qa3+ Kg8 25. Ne7+ Bxe7 26. Qxe7 Qf5 27. Rde1
Rc8 28. Qe5 Qd7 29. Qf4 Qc6 30. c3 Qg6+ 31. Ka1 f6 32. Qf3 Qg5 33. Re7 b4 34.
Qe3 Qxg2 35. Qe6+ Kh7 36. Qxf6 bxc3 37. bxc3 a3 38. Qxh4+ Kg8 39. Re8+ Rxe8 40.
Rxe8+ Kf7 41. Qe7+ Kg6 42. Qe6+ Kg5 43. Qe5+ Kg6 44. Re6+ Kf7 45. Qf5+ 1-0

[Event "DM 2023 G5-2"]
[Site "Svendborg"]
[Date "2023.04.08"]
[Round "3"]
[White "Agger, Lars Breinholt"]
[Black "Hansen, Esben"]
[Result "1/2-1/2"]
[WhiteElo "1828"]
[BlackElo "1500"]
[PlyCount "134"]
[EventDate "2023.04.06"]
[EventType "swiss"]
[EventRounds "5"]
[EventCountry "DEN"]
[SourceTitle "Live v. Kasper Jerwiarz"]

1. e4 d6 2. d4 g6 3. Nf3 Nf6 4. Nc3 Bg7 5. Bg5 O-O 6. Qd2 c6 7. Bh6 Qa5 8. Bxg7
Kxg7 9. Be2 e5 10. O-O Bg4 11. b4 Qc7 12. Rfd1 Nbd7 13. dxe5 dxe5 14. Na4 b5
15. Nc3 Rfe8 16. a4 a6 17. Qe3 Rad8 18. axb5 Bxf3 19. Bxf3 axb5 20. g4 Nb6 21.
g5 Rxd1+ 22. Rxd1 Nfd7 23. Be2 f6 24. gxf6+ Nxf6 25. Qc5 Nbd7 26. Nxb5 Qc8 27.
Nd6 Nxc5 28. Nxc8 Rxc8 29. bxc5 Nxe4 30. Rd7+ Kf6 31. Rxh7 Nxc5 32. Bg4 Rd8 33.
Rc7 Rd6 34. Kg2 Ne6 35. Rc8 Nd4 36. c3 Nf5 37. h3 e4 38. Re8 Re6 39. Rxe6+ Kxe6
40. Kf1 Ke5 41. Ke2 Nd6 42. Ke3 c5 43. f4+ exf3 44. Bxf3 c4 45. Bc6 g5 46. Kf3
Kf5 47. Bd7+ Kf6 48. Bc6 Kf5 49. Ke3 Ke5 50. Kf3 Kf5 51. Ke3 Ke5 52. Bd7 Ne4
53. Be6 Nxc3 54. Bxc4 Nd1+ 55. Kf3 Kf6 56. Bd3 Nc3 57. Kg4 Nd5 58. Be4 Ne3+ 59.
Kf3 Nf1 60. Kf2 Ke5 61. Bb7 Nd2 62. Kg3 Kf5 63. Bc6 Nf1+ 64. Kf2 Nd2 65. Kg3
Nc4 66. Bd7+ Kf6 67. h4 gxh4+ 1/2-1/2

[Event "DM 2023 G5-2"]
[Site "Svendborg"]
[Date "2023.04.08"]
[Round "3"]
[White "Pedersen, Thomas Vils"]
[Black "Hansen, Erik"]
[Result "0-1"]
[WhiteElo "2111"]
[BlackElo "1665"]
[PlyCount "98"]
[EventDate "2023.04.06"]
[EventType "swiss"]
[EventRounds "5"]
[EventCountry "DEN"]
[SourceTitle "Live v. Kasper Jerwiarz"]

1. d4 Nf6 2. Nf3 d5 3. c4 Bf5 4. Nc3 c6 5. cxd5 Nxd5 6. Nd2 e6 7. e4 Nxc3 8.
bxc3 Bg6 9. Qb3 Qc7 10. f3 Be7 11. Nc4 Nd7 12. g3 b5 13. Ne3 O-O 14. Bg2 e5 15.
O-O h5 16. f4 exd4 17. cxd4 Rad8 18. Kh1 Nb6 19. Bb2 a5 20. Rac1 a4 21. Qxb5
cxb5 22. Rxc7 Rfe8 23. Rc6 Rb8 24. f5 Bh7 25. h4 a3 26. Ba1 Bb4 27. e5 Bd2 28.
Nd5 Nc4 29. Bc3 Bxc3 30. Nxc3 Ne3 31. Rf2 b4 32. Ne4 b3 33. axb3 Rxb3 34. Ra6
Rb1+ 35. Kh2 Ng4+ 36. Kh3 Nxf2+ 37. Nxf2 Bxf5+ 38. g4 hxg4+ 39. Kg3 Reb8 40.
Rxa3 R1b4 41. d5 Rb3+ 42. Rxb3 Rxb3+ 43. Kf4 Rb2 44. Kg3 Kf8 45. Bf1 Rb3+ 46.
Kg2 g3 47. Nh1 Be4+ 48. Kg1 Bxd5 49. h5 Ke7 0-1

[Event "DM 2023 G5-2"]
[Site "Svendborg"]
[Date "2023.04.08"]
[Round "3"]
[White "Danielsen, Johnni Hjort"]
[Black "Rasmussen, Morten Fredsgaard"]
[Result "0-1"]
[WhiteElo "1631"]
[BlackElo "1818"]
[PlyCount "48"]
[EventDate "2023.04.06"]
[EventType "swiss"]
[EventRounds "5"]
[EventCountry "DEN"]
[SourceTitle "Live v. Kasper Jerwiarz"]

1. c4 c6 2. Nf3 d5 3. e3 Nf6 4. Nc3 g6 5. d4 Bg7 6. b3 O-O 7. Bb2 Re8 8. Bd3 a5
9. c5 Bg4 10. h3 Bxf3 11. Qxf3 Nbd7 12. O-O e5 13. Rae1 e4 14. Qd1 exd3 15.
Qxd3 Ne4 16. Nxe4 Rxe4 17. Bc3 Qc7 18. a4 f5 19. Ra1 f4 20. Rfb1 fxe3 21. fxe3
Rae8 22. Re1 Qg3 23. Bd2 Bxd4 24. exd4 Qxd3 0-1

[Event "DM 2023 G5-2"]
[Site "Svendborg"]
[Date "2023.04.08"]
[Round "3"]
[White "Dithlevsen, Birgit"]
[Black "Jensen, Jan Kargaard"]
[Result "0-1"]
[WhiteElo "1445"]
[BlackElo "1589"]
[PlyCount "81"]
[EventDate "2023.04.06"]
[EventType "swiss"]
[EventRounds "5"]
[EventCountry "DEN"]
[SourceTitle "Live v. Kasper Jerwiarz"]

1. e4 e5 2. Nf3 d6 3. Bc4 Be7 4. d4 exd4 5. Nxd4 Nf6 6. Nc3 O-O 7. O-O Nc6 8.
Be3 Bd7 9. a3 a6 10. b4 Nxd4 11. Bxd4 Bc6 12. Re1 b5 13. Bb3 Qd7 14. h3 a5 15.
Nd5 Bxd5 16. exd5 a4 17. Ba2 Rfe8 18. c4 c6 19. Bxf6 Bxf6 20. Rxe8+ Rxe8 21.
Rb1 Re4 22. dxc6 Qxc6 23. cxb5 Qxb5 24. Qxd6 Qe8 25. g3 Re1+ 26. Kh2 Re2 27.
Bd5 Rxf2+ 28. Bg2 h6 29. Qc5 Rxg2+ 30. Kxg2 Qe4+ 31. Kf1 Qxb1+ 32. Ke2 Qe4+ 33.
Kd2 Qd4+ 34. Kc2 Qxc5+ 35. bxc5 Be5 36. g4 g6 37. c6 f5 38. gxf5 gxf5 39. Kd3
Kf7 40. Kc4 Ke6 41. Kb4 0-1

[Event "DM 2023 G5-2"]
[Site "Svendborg"]
[Date "2023.04.09"]
[Round "4"]
[White "Stewart, Tanya Jill Milk"]
[Black "Araghi, Ali"]
[Result "1/2-1/2"]
[WhiteElo "1895"]
[BlackElo "1810"]
[PlyCount "26"]
[EventDate "2023.04.06"]
[EventType "swiss"]
[EventRounds "5"]
[EventCountry "DEN"]
[SourceTitle "Live v. Kasper Jerwiarz"]

1. d4 Nf6 2. Nc3 d5 3. Bf4 c5 4. e4 Nxe4 5. Nxe4 dxe4 6. Bb5+ Bd7 7. Bxd7+ Nxd7
8. Ne2 g6 9. O-O Bg7 10. d5 O-O 11. Rb1 Rc8 12. c4 a6 13. Qd2 Ne5 1/2-1/2

[Event "DM 2023 G5-2"]
[Site "Svendborg"]
[Date "2023.04.09"]
[Round "4"]
[White "Mosegaard, Klaus"]
[Black "Svendsen, Peter Willer"]
[Result "1/2-1/2"]
[WhiteElo "1797"]
[BlackElo "1920"]
[PlyCount "76"]
[EventDate "2023.04.06"]
[EventType "swiss"]
[EventRounds "5"]
[EventCountry "DEN"]
[SourceTitle "Live v. Kasper Jerwiarz"]

1. Nf3 g6 2. d4 Nf6 3. b3 Bg7 4. Bb2 d5 5. e3 c5 6. dxc5 Nc6 7. c4 Qa5+ 8. Nbd2
dxc4 9. Bxc4 O-O 10. a3 Qxc5 11. Rc1 Qh5 12. O-O Rd8 13. Qe2 e5 14. h3 a6 15.
b4 b5 16. Bxf7+ Kxf7 17. Rxc6 Nd5 18. Nxe5+ Kg8 19. Qxh5 gxh5 20. Ndf3 Bb7 21.
Rc2 a5 22. bxa5 Rxa5 23. Rd1 Re8 24. Rc5 Nb6 25. Rd2 Na4 26. Nc4 bxc4 27. Rxa5
Nxb2 28. Rb5 Bxf3 29. gxf3 c3 30. Rc2 Rd8 31. Rg5 Nd1 32. Kf1 Kf7 33. Rxh5 Nb2
34. Rxh7 Na4 35. Ke2 Rb8 36. Rh4 Rb2 37. Kd1 Nc5 38. Rc4 Nd3 1/2-1/2

[Event "DM 2023 G5-2"]
[Site "Svendborg"]
[Date "2023.04.09"]
[Round "4"]
[White "Hansen, Erik"]
[Black "Horslund, Mikael"]
[Result "1-0"]
[WhiteElo "1665"]
[BlackElo "1729"]
[PlyCount "67"]
[EventDate "2023.04.06"]
[EventType "swiss"]
[EventRounds "5"]
[EventCountry "DEN"]
[SourceTitle "Live v. Kasper Jerwiarz"]

1. e4 d6 2. d4 Nf6 3. Nc3 c6 4. Nf3 Bg4 5. Be2 e6 6. h3 Bxf3 7. Bxf3 d5 8. e5
Nfd7 9. O-O c5 10. Be3 cxd4 11. Bxd4 Nc6 12. Re1 Nxd4 13. Qxd4 Bc5 14. Qg4 O-O
15. Na4 Qc7 16. Nxc5 Qxc5 17. c4 d4 18. Qe4 Rfd8 19. Rad1 Nf8 20. b3 Rd7 21.
Rd2 Rad8 22. Rd3 Ng6 23. h4 Ne7 24. h5 h6 25. g4 Nc6 26. Bd1 Nb4 27. Rg3 d3 28.
a3 d2 29. Ree3 Nc6 30. g5 Rd4 31. Qg2 hxg5 32. Rxg5 Qxa3 33. Rxg7+ Kf8 34. Rf3
1-0

[Event "DM 2023 G5-2"]
[Site "Svendborg"]
[Date "2023.04.09"]
[Round "4"]
[White "Jensen, Jan Kargaard"]
[Black "Agger, Lars Breinholt"]
[Result "0-1"]
[WhiteElo "1589"]
[BlackElo "1828"]
[PlyCount "80"]
[EventDate "2023.04.06"]
[EventType "swiss"]
[EventRounds "5"]
[EventCountry "DEN"]
[SourceTitle "Live v. Kasper Jerwiarz"]

1. d4 Nf6 2. Nf3 g6 3. Bf4 Bg7 4. Nbd2 d5 5. e3 O-O 6. Bd3 c5 7. c3 Nc6 8. O-O
Re8 9. h3 Nh5 10. Bh2 e5 11. dxe5 Nxe5 12. Nxe5 Bxe5 13. Bxe5 Rxe5 14. Nf3 Re7
15. Qc2 b6 16. Nd2 Bb7 17. Be2 Nf6 18. Bf3 Rc8 19. Rac1 Ba6 20. Rfd1 d4 21.
exd4 cxd4 22. Qa4 Be2 23. Bxe2 Rxe2 24. Nf1 d3 25. Rd2 Rc5 26. Rcd1 Rd5 27. Qc4
b5 28. Qc6 Rxd2 29. Rxd2 Ne4 30. Rd1 d2 31. Ne3 Re5 32. Ng4 Re6 33. Qxb5 Nxc3
34. Qb7 Re1+ 35. Kh2 Rxd1 36. Nh6+ Kg7 37. Nxf7 Rh1+ 38. Kg3 Ne2+ 39. Kf3 Qf6+
40. Ke3 Qxf7 0-1